| 000 | 00861nam a2200253 i 4500 | ||
|---|---|---|---|
| 001 | 000038104 | ||
| 003 | DO-SdBNP | ||
| 005 | 20240215090754.0 | ||
| 007 | ta | ||
| 008 | 110427s1914 dr 000 0 spa d | ||
| 040 |
_aDO-SdBNP _bspa _cBNPHU _erda |
||
| 082 |
_222 _bI597c |
||
| 100 |
_aCreales, Ervidio B. _eautor _984921 |
||
| 245 | 1 |
_aContribución al estudio del valor semiolójico de la eosinofilia hemática / _cErvidio B. Creales |
|
| 264 |
_aSanto Domingo : _bImprenta La Cuna de America, _c1914 |
||
| 300 |
_a59 paginas ; _c26 cm. |
||
| 336 |
_2rdacontent _atexto _btxt |
||
| 337 |
_2rdamedia _asin mediación _bn |
||
| 338 |
_2rdacarrier _avolumen _bnc |
||
| 500 | _aTesis para la licenciatura, el acto sera sustentado por Ervido B. Creales, bachiller en letras y Ciencias | ||
| 590 | _aInventariado, 2024/ DG | ||
| 910 | _aDG | ||
| 942 |
_2ddc _cLBS1 |
||
| 999 |
_c55687 _d55687 |
||